000 00357nam a2200145 i 4500
001 bg
100 1 _aKLIFFORD, A.
245 0 _aAlgebraiceskaja teorija polugrupp :
_bTom 2 /
_cA. Klifford, G. Preston.
260 _aMoskwa,
_c1972.
700 1 _aPRESTON, G.
040 _cBPK
041 _apol
942 _cKS
008 s pl f |000 0 pol
999 _c14770
_d14770
856 _uhttp://koha.tu.koszalin.pl/cgi-bin/koha/opac-detail.pl?biblionumber=14770
_yKatalog online BPK